000
00291nam a2200121Ia 4500
005
20251222144641.0
008
251222s9999||||xx |||||||||||||| ||spa||
020
_a
978-612-45491-0-6
082
_a
363.348.5/I59
245
0
_a
Lecciones Aprendidas del Sur:
264
_b
Indeci
942
_c
LIB
999
_c
16687
_d
16687